00650nam a2200157Ia 4500003000400000005001700004008004000021040000700061041001200068082001700080100003100097245007200128260004500200300001400245650023300259OSt20250531094600.0210210b2000 xxu||||| |||| 00| 0 eng d cAL aEnglish a341.481 NIRH aNIRMAL (Chiranjivi J), Ed. aHuman rights in India: Historical social and political perspectives aNew DelhibOxford University Pressc2000 axxxvi,333 aHuman Rights Violation Constitutional Context Initiatives Awareness in Education Feminist Perspective Rights in Media Religious Freedom Rights of Prisoners International National Experiences Organizational Basis Seting an Agenda